1196 1814 1900 1472 1189 1772 1987 1079 1926 1892 1842 1547 1729 1569 1326 1577 1404 1793 1186 1737 1555 1786 1770 1259 1810 1315 1274 1735 1144 1412 1252 1994 1379 1960 1051 1943 1204 1147 1594 1669 1557 1055 1846 1835 1094 1460 1236 1003 1239 1181 1659 1898 1851 1837 1452 1848 1490 1842 1694 1324 1923 1135 1237 1774 1101 1768 1077 1622 1710 1373 1965 1171 1124 1790 1689 1606 1897 1770 1879 1610 1498 1740 1042 1505 1821 1915 1098 1240 1098 1040 1142 1398 1387 1172 1712 1245 1160 1786 1346 BCNSPRNW ULIB Ver.6.0+V

เปลี่ยนเป็นภาษาไทย

Change to English
 แสดงรายละเอียดบรรณานุกรม
  กลับหน้าหลัก

Brief Record : Get Marc (ISO 2709) : E-mail record : QR code < ปิดหน้าต่าง
LEADER : 00000nam 2200000uu 4500
001    13399128079
003     ULIB
008    220509s2564||||th 000 0 tha d
020    ^a9786164435896
060 04 ^aWB105^bก451
245 00 ^aการดูแลรักษาผู้บาดเจ็บก่อนถึงโรงพยาบาล =^bPrehospital trauma care/^cบรรณาธิการ, ไชยพร ยุกเซ็น.
246 31 ^aPrehospital trauma care
250    ^aพิมพ์ครั้งที่ 1
260    ^aกรุงเทพฯ :^bโครงการตำรารามาธิบดีคณะแพทยศาสตร์โรงพยาบาลรามาธิบดี มหาวิทยาลัยมหิดล.^c2564.
300    ^axxi, 482 หน้า. :^bภาพประกอบสี ;^c27 ซม.
505 0  ^aตอนที่ 1 ระบบการแพทย์ฉุกเฉิน -- บทที่ 1 บริการการแพทย์ฉุกเฉิน -- บทที่2 กฎหมายเกี่ยวกับระบบการแพทย์ฉุกเฉิน -- บทที่ 3 ระบบคัดแยก -- ตอนที่2 การดูแลรักษาผู้บาดเจ็บ -- บทที่ 4 การดูแลรักษาผู้บาดเจ็บ ณ จุดเกิดเหตุ-- บทที่ 5 การประเมินภาวะเสียเลือดปริมาณมาก -- บทที่ 6การป้องกันกระดูกต้นคอ -- บทที่ 7 การประเมินทางเดินหายใจส่วนบน --บทที่ 8 การประเมินการหายใจ -- บทที่ 9 การประเมินระบบไหลเวียนโลหิต-- บทที่ 10 การประเมินระบบประสาท -- บทที่ 11การประเมินบาดแผลภายนอกและ Adjunct to Primary Survey -- บทที่12 การประเมิน Secondary Survey -- บทที่ 13การดูแลรักษาผู้บาดเจ็บที่มีลักษณะเฉพาะ -- บทที่ 14การยกและเคลื่อนย้ายผู้บาดเจ็บ -- ตอนที่ 3การดูแลรักษาผู้บาดเจ็บในสถานการณ์พิเศษ -- บทที่ 15การจัดการภัยพิบัติและอุบัติภัยหมู่ -- บทที่ 16การดูแลผู้ป่วยฉุกเฉินนอกโรงพยาบาลในสถานการณ์การแพร่ระบาดของเชื้อไวรัสโคโรนา 2019
650  2 ^aEmergency Medical services
650  2 ^aEmergency Nursing
650  4 ^aการบาดเจ็บ^xการรักษา
650  4 ^aการพยาบาลฉุกเฉิน
650  4 ^aPrehospital trauma care
700 0  ^aไชยพร ยุกเซ็น,^eบรรณาธิการ
710  2 ^aมหาวิทยาลัยมหิดล.^bคณะแพทยศาสตร์โรงพยาบาลรามาธิบดี.^bโครงการตำรารามาธิบดี
945    ^p650^l0^i29247
945    ^p650^l0^i29248
945    ^p650^l0^i29249
945    ^p650^l0^i29250
945    ^p650^l0^i29251
999    ^aกัณชพร จุลอักษร
รายการนี้ยังไม่มีแท็ก
คุณยังไม่ได้ล็อกอิน คุณสามารถมีกิจกรรมร่วมกับเว็บไซต์ได้ แต่ต้องล็อกอินก่อน ::
  ล็อกอิน

รายการสื่อสารสนเทศ

ลำดับที่ ประเภท เลขเรียก/บาร์โค้ด สถานที่ สถานะ
1. หนังสือสำรอง
หนังสือสำรอง
WB105 ก451 ฉ.1 
  Barcode: 29247
ห้องสมุดวิทยาเขตสวรรค์ประชารักษ์
►หนังสือทั่วไป
บนชั้น
2. วิทยาศาสตร์การแพทย์ และสุขภาพ
วิทยาศาสตร์การแพทย์ และสุขภาพ
WB105 ก451 ฉ.2 
  Barcode: 29248
ห้องสมุดวิทยาเขตสวรรค์ประชารักษ์
►หนังสือทั่วไป
บนชั้น
3. วิทยาศาสตร์การแพทย์ และสุขภาพ
วิทยาศาสตร์การแพทย์ และสุขภาพ
WB105 ก451 ฉ.3 
  Barcode: 29249
ห้องสมุดวิทยาเขตสวรรค์ประชารักษ์
►หนังสือทั่วไป
บนชั้น
4. วิทยาศาสตร์การแพทย์ และสุขภาพ
วิทยาศาสตร์การแพทย์ และสุขภาพ
WB105 ก451 ฉ.4 
  Barcode: 29250
ห้องสมุดวิทยาเขตสวรรค์ประชารักษ์
►หนังสือทั่วไป
บนชั้น
5. วิทยาศาสตร์การแพทย์ และสุขภาพ
วิทยาศาสตร์การแพทย์ และสุขภาพ
WB105 ก451 ฉ.5 
  Barcode: 29251
ห้องสมุดวิทยาเขตสวรรค์ประชารักษ์
►หนังสือทั่วไป
บนชั้น

รายการใกล้เคียง
    หัวเรื่อง [Emergency Medical services]
    หัวเรื่อง [Emergency Nursing]
    หัวเรื่อง [การพยาบาลฉุกเฉิน]
    หัวเรื่อง [Prehospital trauma care]

BibComment


ยังไม่เคยถูกคอมเมนท์

คอมเมนท์ทรัพยากรรายการนี้
  คอมเมนท์: การดูแลรักษาผู้บ..


 Copyright 2026. Bcnsprnw @Library